000 00514nam a22001817a 4500
005 20251108164259.0
008 250721s1988 xx 000 0 ara d
082 1 4 _a330.1/حمو
100 1 _aحمو، عارف
245 1 0 _aمبادئ الإقتصاد /
264 1 _aعمان :
_bدار ابن رشد للنشر و التوزيع،
_c1988.
300 _a147ص
650 1 7 _aالإقتصاد
700 1 _aأبو شرار، علي
700 1 _aسلمان، مصطفى
942 _2ddc
_cBK
999 _c8243
_d8243